Community variations in violence: The role of social ties and collective efficacy in comparative context

Gespeichert in:  
Bibliographische Detailangaben
VerfasserInnen: Mazerolle, Lorraine 1964- (Verfasst von) ; McBroom (Verfasst von) ; Wickes, Rebecca (Verfasst von)
Medienart: Elektronisch Aufsatz
Sprache:Englisch
Veröffentlicht: 2010
In: Journal of research in crime and delinquency
Jahr: 2010, Band: 47, Heft: 1, Seiten: 3-30
Online-Zugang: Volltext (lizenzpflichtig)
Verfügbarkeit prüfen: HBZ Gateway

MARC

LEADER 00000caa a22000002c 4500
001 1912485613
003 DE-627
005 20250326002242.0
007 cr uuu---uuuuu
008 241217s2010 xx |||||o 00| ||eng c
024 7 |a 10.1177/0022427809348898  |2 doi 
035 |a (DE-627)1912485613 
035 |a (DE-599)KXP1912485613 
040 |a DE-627  |b ger  |c DE-627  |e rda 
041 |a eng 
084 |a 2,1  |2 ssgn 
100 1 |a Mazerolle, Lorraine  |d 1964-  |e VerfasserIn  |0 (DE-588)1050382846  |0 (DE-627)783916949  |0 (DE-576)18014510X  |4 aut 
109 |a Mazerolle, Lorraine 1964-  |a Green Mazerolle, Lorraine 1964-  |a Mazerolle, Lorraine Green 1964-  |a Green, Lorraine 1964-  |a Green, Lorraine Ann 1964- 
245 1 0 |a Community variations in violence: The role of social ties and collective efficacy in comparative context 
264 1 |c 2010 
336 |a Text  |b txt  |2 rdacontent 
337 |a Computermedien  |b c  |2 rdamedia 
338 |a Online-Ressource  |b cr  |2 rdacarrier 
700 0 |a McBroom  |e VerfasserIn  |4 aut 
700 1 |8 1\p  |a Wickes, Rebecca  |e VerfasserIn  |0 (DE-588)1136885439  |0 (DE-627)893677345  |0 (DE-576)320461548  |4 aut 
773 0 8 |i Enthalten in  |t Journal of research in crime and delinquency  |d Thousand Oaks, Calif. [u.a.] : Sage, 1964  |g 47(2010), 1, Seite 3-30  |h Online-Ressource  |w (DE-627)320495299  |w (DE-600)2011523-4  |w (DE-576)095660208  |x 1552-731X  |7 nnas 
773 1 8 |g volume:47  |g year:2010  |g number:1  |g pages:3-30 
856 4 0 |u https://doi.org/10.1177/0022427809348898  |x Resolving-System  |z lizenzpflichtig  |3 Volltext  |7 1 
883 |8 1\p  |a cgwrk  |d 20250301  |q DE-101  |u https://d-nb.info/provenance/plan#cgwrk 
935 |a mkri 
951 |a AR 
ELC |a 1 
LOK |0 000 xxxxxcx a22 zn 4500 
LOK |0 001 4637451116 
LOK |0 003 DE-627 
LOK |0 004 1912485613 
LOK |0 005 20241217044233 
LOK |0 008 241217||||||||||||||||ger||||||| 
LOK |0 035   |a (DE-2619)ICPSR84713 
LOK |0 040   |a DE-2619  |c DE-627  |d DE-2619 
LOK |0 092   |o n 
LOK |0 852   |a DE-2619 
LOK |0 852 1  |9 00 
LOK |0 935   |a nacp 
LOK |0 939   |a 17-12-24  |b l01 
ORI |a SA-MARC-krimdoka001.raw